[Event "76. LJUBLJANSKA SAHOVSKA LIGA 2024"]
[Site "gostovanja"]
[Date "2024.03.14"]
[Round "5.1"]
[White "Siraj, Svit"]
[Black "Janzelj, Tim"]
[Result "1-0"]
[WhiteElo "2182"]
[BlackElo "2441"]
[PlyCount "145"]
[EventDate "2024.01.18"]
[WhiteTeam "SD VRHNIKA"]
[BlackTeam "SK IG"]

1. e4 d6 2. d4 Nf6 3. Nc3 e5 4. Nf3 Nbd7 5. Bc4 Be7 6. O-O O-O 7. a4 c6 8. a5
Rb8 9. Re1 b5 10. axb6 axb6 11. b3 b5 12. Bd3 b4 13. Ne2 Re8 14. Bb2 Bf8 15.
Ng3 Qc7 16. Nf5 g6 17. dxe5 dxe5 18. Ne3 Nh5 19. Nc4 Nf4 20. Bf1 f6 21. Bc1 Ne6
22. Be3 Ndc5 23. Nfd2 Nd4 24. Bxd4 exd4 25. Bd3 Ne6 26. Qf3 Bg7 27. Qg3 Nf4 28.
Ra5 Rb5 29. Rea1 Rxa5 30. Rxa5 Bh6 31. Rc5 Bd7 32. Ra5 Kh8 33. h3 Be6 34. Kh1
Rc8 35. Qf3 Rf8 36. Qg3 Kg7 37. Ra6 Rf7 38. Kg1 Re7 39. Ra8 f5 40. e5 Bd5 41.
Nd6 Rxe5 42. Ne8+ Rxe8 43. Rxe8 Qd7 44. Ra8 Bxg2 45. Nf3 Qe7 46. Bc4 Bxf3 47.
Qxf3 Qe1+ 48. Kh2 Nd5 49. Ra7+ Kf6 50. Bxd5 cxd5 51. Ra6+ Kg5 52. Ra8 Qd2 53.
Re8 Kf6 54. Kg1 Qg5+ 55. Kf1 Qc1+ 56. Re1 Qxc2 57. Qxd5 Qd3+ 58. Kg2 Kg5 59.
Re3 Qd1 60. Re4 Bg7 61. Qd8+ Bf6 62. Qd5 d3 63. Re3 d2 64. Rd3 Bc3 65. Qd8+ Kh5
66. Rg3 Kh6 67. Qf8+ Kh5 68. Qd8 Kh6 69. Qh4+ Kg7 70. Rd3 Qxb3 71. Rd7+ Kh8 72.
Qe7 Qg8 73. Rd8 1-0

[Event "76. LJUBLJANSKA SAHOVSKA LIGA 2024"]
[Site "gostovanja"]
[Date "2024.03.14"]
[Round "5.1"]
[White "Hiti, Domen"]
[Black "Siraj, Anej"]
[Result "0-1"]
[WhiteElo "2241"]
[BlackElo "2037"]
[PlyCount "134"]
[EventDate "2024.01.18"]
[WhiteTeam "SK IG"]
[BlackTeam "SD VRHNIKA"]

1. d4 d5 2. c4 e6 3. Nc3 Nf6 4. cxd5 exd5 5. Bg5 Be7 6. e3 c6 7. Bd3 Nbd7 8.
Qc2 Nf8 9. h3 Ne6 10. Bh4 Bd6 11. Nge2 Bd7 12. O-O h6 13. Rab1 Ng5 14. f4 Ne6
15. Ng3 Bc7 16. Bf5 g5 17. Bxe6 Bxe6 18. fxg5 Bxg3 19. Bxg3 hxg5 20. Qb3 Nh5
21. Be5 f6 22. Bh2 Qd7 23. Qc2 g4 24. hxg4 Bxg4 25. Qg6+ Ke7 26. Rf2 Rag8 27.
Qc2 Bh3 28. e4 Kf7 29. Kf1 Bg4 30. e5 Ng3+ 31. Kg1 Bf5 32. Qc1 Bxb1 33. Qxb1
Qg4 34. Bxg3 Qxg3 35. Qf5 Qh2+ 36. Kf1 Qh1+ 37. Ke2 Qh5+ 38. Qxh5+ Rxh5 39.
Rxf6+ Ke7 40. Kf3 Rhg5 41. Ne2 Rxg2 42. b4 R2g6 43. Rf4 Rf8 44. Rxf8 Kxf8 45.
a4 Ke7 46. b5 Rh6 47. bxc6 bxc6 48. Nf4 Rh1 49. Nd3 a5 50. Nc5 Rh3+ 51. Ke2 Rc3
52. Nb7 Rc4 53. Nxa5 Rxa4 54. Nxc6+ Kd7 55. Nb8+ Kc7 56. e6 Rxd4 57. Nd7 Re4+
58. Kd3 Rxe6 59. Nc5 Rh6 60. Kd4 Kc6 61. Nd3 Rh4+ 62. Kc3 Re4 63. Nb4+ Kd6 64.
Nd3 Rc4+ 65. Kd2 d4 66. Nf4 Ke5 67. Nd3+ Kd5 0-1

[Event "76. LJUBLJANSKA SAHOVSKA LIGA 2024"]
[Site "gostovanja"]
[Date "2024.03.14"]
[Round "5.1"]
[White "Vodnik, Val"]
[Black "Rozic, Adrijan"]
[Result "1/2-1/2"]
[WhiteElo "1661"]
[BlackElo "2014"]
[PlyCount "72"]
[EventDate "2024.01.18"]
[WhiteTeam "SD VRHNIKA"]
[BlackTeam "SK IG"]

1. d4 e6 2. c4 d5 3. Nc3 f5 4. Nf3 c6 5. g3 Nf6 6. Bg2 Bd6 7. b3 O-O 8. a4 Qe7
9. O-O Nbd7 10. Bf4 Ne4 11. Rc1 Kh8 12. c5 Bb8 13. Ne1 e5 14. Be3 f4 15. Bd2
exd4 16. Nxe4 dxe4 17. Bxf4 Bxf4 18. gxf4 Nxc5 19. Qc2 d3 20. exd3 Nxd3 21.
Nxd3 exd3 22. Qxd3 Bf5 23. Qe3 Qf7 24. Rcd1 Bc2 25. Rd4 Bxb3 26. Qd2 Be6 27.
Re1 Rae8 28. Re5 h6 29. Rd6 Bc8 30. Qd4 Kg8 31. Bf1 Rxe5 32. fxe5 Qf5 33. Bc4+
Kh8 34. e6 Qg4+ 35. Kf1 Qd1+ 36. Kg2 Qg4+ 1/2-1/2

[Event "76. LJUBLJANSKA SAHOVSKA LIGA 2024"]
[Site "gostovanja"]
[Date "2024.03.14"]
[Round "5.2"]
[White "Benko, Bostjan"]
[Black "Persl, Bojan"]
[Result "0-1"]
[WhiteElo "1835"]
[BlackElo "2030"]
[PlyCount "150"]
[EventDate "2024.01.18"]
[WhiteTeam "SK ZAGORJE OB SAVI"]
[BlackTeam "SK LJUBLJANA TAJFUN"]

1. e4 c5 2. Nc3 d6 3. Nf3 e6 4. d4 cxd4 5. Qxd4 a6 6. Be3 Nc6 7. Qd2 Nf6 8. h3
b5 9. a3 Bb7 10. Rd1 Qc7 11. Be2 Be7 12. Bg5 Rd8 13. O-O O-O 14. Qe3 Rfe8 15.
Nd2 h6 16. Bf4 e5 17. Bg3 Nd4 18. Bd3 Bf8 19. Nb3 Ne6 20. Be2 Ng5 21. f3 d5 22.
exd5 Nxd5 23. Nxd5 Bxd5 24. Rc1 Rc8 25. Bf2 Ne6 26. Rfe1 Nf4 27. Bf1 Re6 28.
Nd2 Qb7 29. Qa7 Qxa7 30. Bxa7 Bb7 31. Nb3 Rg6 32. Kf2 Re6 33. Na5 Ba8 34. c4
bxc4 35. Bxc4 Rxc4 36. Rxc4 Nd3+ 37. Kf1 Nxe1 38. Kxe1 Re8 39. Nc6 f5 40. b4
Kf7 41. a4 Ke6 42. b5 Kd5 43. Rc2 axb5 44. axb5 e4 45. fxe4+ Rxe4+ 46. Kf2 Ra4
47. Bb6 Ke4 48. Ke2 Bd6 49. Rd2 Bf4 50. Rc2 g5 51. Bf2 g4 52. hxg4 fxg4 53. g3
Bg5 54. Rb2 Bb7 55. Rc2 Bc8 56. Nd4 Bd7 57. Nc6 Be6 58. b6 Bc8 59. Nb8 Bb7 60.
Bc5 Kf5 61. Kf2 Be4 62. Rb2 Bf6 63. Rd2 Rc4 64. Be3 Rb4 65. Nd7 Bc3 66. Rd6
Rb2+ 67. Kf1 Bg2+ 68. Kg1 Bf3 69. Bf4 h5 70. Rd3 Be1 71. Ne5 Be4 72. Rd1 Bf2+
73. Kf1 Bxb6 74. Nc4 Bg2+ 75. Ke1 Bf2# 0-1

[Event "76. LJUBLJANSKA SAHOVSKA LIGA 2024"]
[Site "gostovanja"]
[Date "2024.03.14"]
[Round "5.2"]
[White "Zmavc, Mark"]
[Black "Medvesek, Janez"]
[Result "0-1"]
[WhiteElo "1960"]
[BlackElo "1893"]
[PlyCount "80"]
[EventDate "2024.01.18"]
[WhiteTeam "SK LJUBLJANA TAJFUN"]
[BlackTeam "SK ZAGORJE OB SAVI"]

1. d4 d5 2. c4 c6 3. Nc3 e6 4. Nf3 dxc4 5. a4 Bb4 6. e3 b5 7. Bd2 a5 8. axb5
Bxc3 9. Bxc3 cxb5 10. b3 Bb7 11. bxc4 b4 12. Bb2 Nf6 13. c5 O-O 14. Bb5 Qc7 15.
Qc2 Bc6 16. Ba4 Nbd7 17. h3 Rfc8 18. O-O h6 19. Nd2 Nd5 20. Nc4 Qd8 21. e4 Nf4
22. Bc1 Ng6 23. Be3 Ra6 24. f4 Ne7 25. Nd6 Bxa4 26. Rxa4 Rxd6 27. Qa2 Ra6 28.
Rxb4 Nf6 29. d5 exd5 30. e5 Ne4 31. Rc1 axb4 32. Qxa6 Nc6 33. Rd1 Nc3 34. Rd2
Qe8 35. Qd3 Rb8 36. Rb2 d4 37. Bd2 Qd8 38. Kf1 Qd5 39. Rc2 Qxc5 40. Rb2 Ra8 0-1

[Event "76. LJUBLJANSKA SAHOVSKA LIGA 2024"]
[Site "gostovanja"]
[Date "2024.03.14"]
[Round "5.2"]
[White "Vidonja, Taja"]
[Black "Sfiligoj, Anze"]
[Result "0-1"]
[WhiteElo "1585"]
[BlackElo "1685"]
[PlyCount "54"]
[EventDate "2024.01.18"]
[WhiteTeam "SK ZAGORJE OB SAVI"]
[BlackTeam "SK LJUBLJANA TAJFUN"]

1. e4 e5 2. Nf3 Nc6 3. Bc4 Nf6 4. Ng5 d5 5. exd5 Na5 6. Bb5+ c6 7. dxc6 bxc6 8.
Bd3 Bg4 9. f3 Bh5 10. Qe2 Qd4 11. Ne4 Rd8 12. Nxf6+ gxf6 13. Nc3 Nb7 14. Be4
Qd7 15. g4 Bg6 16. Bxg6 hxg6 17. d3 Be7 18. Be3 Nc5 19. f4 Ne6 20. fxe5 fxe5
21. Ne4 Nd4 22. Bxd4 Qxd4 23. Rb1 Rh3 24. Qf2 Bh4 25. Ng3 Bxg3 26. hxg3 Rxh1+
27. Ke2 Qxf2+ 0-1

[Event "76. LJUBLJANSKA SAHOVSKA LIGA 2024"]
[Site "gostovanja"]
[Date "2024.03.14"]
[Round "5.2"]
[White "Lovric, Tit"]
[Black "Todorovic, Sasa"]
[Result "0-1"]
[WhiteElo "1000"]
[BlackElo "1000"]
[PlyCount "94"]
[EventDate "2024.01.18"]
[WhiteTeam "SK LJUBLJANA TAJFUN"]
[BlackTeam "SK ZAGORJE OB SAVI"]

1. d4 d6 2. Nf3 Nf6 3. Nc3 Nbd7 4. e4 e5 5. d5 Be7 6. Bb5 a6 7. Ba4 O-O 8. O-O
Nc5 9. Qe2 b5 10. b4 Nxa4 11. Nxa4 bxa4 12. c4 Bd7 13. Qc2 Ne8 14. Ne1 Bg5 15.
c5 Bb5 16. Nd3 Bxd3 17. Qxd3 Bxc1 18. Raxc1 Qb8 19. Rc4 g6 20. Qc2 Ng7 21. Qxa4
Qb5 22. Qxb5 axb5 23. Rc2 f5 24. cxd6 cxd6 25. Rc6 Rfd8 26. f3 Rxa2 27. Rf2
Rxf2 28. Kxf2 fxe4 29. fxe4 Ne8 30. Ke3 Kf7 31. Rb6 Nc7 32. Rb7 Rc8 33. Kd2 Ke7
34. Ra7 Kd7 35. Ra1 Rf8 36. Ke3 h5 37. h3 g5 38. g3 g4 39. h4 Rf3+ 40. Ke2 Rxg3
41. Rf1 Rh3 42. Rf7+ Kc8 43. Rf8+ Kb7 44. Rf6 Rxh4 45. Rxd6 g3 46. Rg6 Rg4 47.
d6 Rxg6 0-1

[Event "76. LJUBLJANSKA SAHOVSKA LIGA 2024"]
[Site "gostovanja"]
[Date "2024.03.14"]
[Round "5.3"]
[White "Gantar, Jan"]
[Black "Veskovic, Dzemal"]
[Result "1-0"]
[WhiteElo "2180"]
[BlackElo "1811"]
[PlyCount "95"]
[EventDate "2024.01.18"]
[WhiteTeam "SK KOMENDA POPOTNIK"]
[BlackTeam "SD MENGES - TRZIN"]

1. e4 e6 2. d4 d6 3. Nf3 Be7 4. Bd3 Nd7 5. O-O e5 6. c3 Ngf6 7. h3 O-O 8. Nbd2
c6 9. a4 a5 10. Re1 h6 11. Nf1 Re8 12. Ng3 Bf8 13. Be3 b6 14. Qc2 Ba6 15. Bxa6
Rxa6 16. Rad1 Qc7 17. c4 c5 18. dxe5 Nxe5 19. Nxe5 dxe5 20. Ne2 Raa8 21. Nc3
Qc6 22. Nd5 Rad8 23. Nxf6+ Qxf6 24. Rxd8 Rxd8 25. Rd1 Rxd1+ 26. Qxd1 Qd6 27.
Qd5 Qxd5 28. cxd5 f6 29. Kf1 Kf7 30. Ke2 Ke7 31. Kd3 Kd7 32. Kc4 Kc7 33. f4 Bd6
34. f5 Kb7 35. g4 Ka6 36. h4 Be7 37. d6 Bxd6 38. Kd5 Bf8 39. Ke6 c4 40. Kf7 Bb4
41. Kxg7 b5 42. axb5+ Kxb5 43. Bxh6 a4 44. Bc1 c3 45. bxc3 Bxc3 46. h5 Kc4 47.
h6 Kb3 48. h7 1-0

[Event "76. LJUBLJANSKA SAHOVSKA LIGA 2024"]
[Site "gostovanja"]
[Date "2024.03.14"]
[Round "5.3"]
[White "Sedlar, Tomo"]
[Black "Keber, Aljosa"]
[Result "1/2-1/2"]
[WhiteElo "1786"]
[BlackElo "2061"]
[PlyCount "31"]
[EventDate "2024.01.18"]
[WhiteTeam "SD MENGES - TRZIN"]
[BlackTeam "SK KOMENDA POPOTNIK"]

1. d4 Nf6 2. c4 e6 3. Nc3 d5 4. Bf4 Bb4 5. e3 O-O 6. Bd3 dxc4 7. Bxc4 Nd5 8.
Nge2 Nxf4 9. Nxf4 c6 10. O-O Qe7 11. Rc1 Nd7 12. a3 Bd6 13. Nd3 c5 14. dxc5
Nxc5 15. Nb5 Nxd3 16. Bxd3 1/2-1/2

[Event "76. LJUBLJANSKA SAHOVSKA LIGA 2024"]
[Site "gostovanja"]
[Date "2024.03.14"]
[Round "5.3"]
[White "Zidar, Jernej"]
[Black "Ocepek, Marjan"]
[Result "1-0"]
[WhiteElo "2000"]
[BlackElo "1600"]
[PlyCount "83"]
[EventDate "2024.01.18"]
[WhiteTeam "SK KOMENDA POPOTNIK"]
[BlackTeam "SD MENGES - TRZIN"]

1. d4 Nf6 2. Nf3 d6 3. g3 g6 4. Bg2 Bg7 5. O-O O-O 6. c4 Nbd7 7. Nc3 e5 8. d5
a5 9. e4 Nc5 10. Ne1 Nh5 11. Be3 Qe7 12. a3 Bd7 13. b4 axb4 14. axb4 Rxa1 15.
Qxa1 Na6 16. Nd3 f5 17. f3 f4 18. Bf2 g5 19. g4 Nf6 20. c5 Qe8 21. c6 Bc8 22.
b5 Nc5 23. Nxc5 dxc5 24. Bxc5 Rf7 25. Qa8 b6 26. Ba3 Bf8 27. Rd1 Qd8 28. Bxf8
Rxf8 29. d6 cxd6 30. Qb8 h5 31. h3 hxg4 32. hxg4 Qe7 33. Qxd6 Qh7 34. Nd5 Nxd5
35. Qxd5+ Kg7 36. Qxe5+ Kf7 37. Qxg5 Rh8 38. Qxf4+ Ke8 39. Qe5+ Kf7 40. Qh5+
Qxh5 41. gxh5 Rxh5 42. Rd8 1-0

[Event "76. LJUBLJANSKA SAHOVSKA LIGA 2024"]
[Site "gostovanja"]
[Date "2024.03.14"]
[Round "5.3"]
[White "Strajhar, Albin"]
[Black "Kobold, Andrej"]
[Result "0-1"]
[WhiteElo "1655"]
[BlackElo "1958"]
[PlyCount "76"]
[EventDate "2024.01.18"]
[WhiteTeam "SD MENGES - TRZIN"]
[BlackTeam "SK KOMENDA POPOTNIK"]

1. e4 c6 2. Bc4 d5 3. exd5 cxd5 4. Bb3 Nc6 5. d4 Nf6 6. Nc3 Bg4 7. Nge2 e6 8.
O-O a6 9. f3 Bh5 10. a3 Bd6 11. Bg5 Qc7 12. g3 h6 13. Bf4 g5 14. Bxd6 Qxd6 15.
Qe1 Bg6 16. Rc1 O-O 17. Na4 b5 18. Nac3 Rab8 19. Qd2 a5 20. h4 b4 21. axb4 axb4
22. Nd1 Nh5 23. Kf2 f6 24. Ne3 f5 25. hxg5 hxg5 26. Ng2 Qe7 27. Rh1 Kg7 28.
Rce1 Qf6 29. Ba4 Rb6 30. Rc1 Na5 31. Ne1 Nc4 32. Qd1 Nxb2 33. Qd2 Nxa4 34. Ra1
Nb2 35. Nd3 Nxd3+ 36. Qxd3 f4 37. Qb3 fxg3+ 38. Nxg3 Qxd4+ 0-1

[Event "76. LJUBLJANSKA SAHOVSKA LIGA 2024"]
[Site "gostovanja"]
[Date "2024.03.14"]
[Round "5.4"]
[White "Bohorc, Edo"]
[Black "Plaskan, Jure"]
[Result "0-1"]
[WhiteElo "2027"]
[BlackElo "2262"]
[PlyCount "58"]
[EventDate "2024.01.18"]
[WhiteTeam "SD CRNI GRABEN"]
[BlackTeam "SD DOMZALE"]

1. e4 c5 2. Nf3 e6 3. c4 Nc6 4. d4 cxd4 5. Nxd4 Nf6 6. Nc3 Bb4 7. f3 O-O 8.
Nxc6 bxc6 9. Bd2 d5 10. a3 Bc5 11. Bg5 Qb6 12. Qc2 Bd4 13. O-O-O dxe4 14. Bxf6
Bxf6 15. Nxe4 Be5 16. c5 Qa5 17. Qd2 Qc7 18. g3 Rb8 19. b4 f5 20. Nd6 a5 21. f4
Bf6 22. Nxc8 Rfxc8 23. Qd7 axb4 24. Qxc7 Rxc7 25. axb4 Rxb4 26. Bd3 Ra7 27. Kd2
Ra2+ 28. Bc2 Rc4 29. Rc1 Bb2 0-1

[Event "76. LJUBLJANSKA SAHOVSKA LIGA 2024"]
[Site "gostovanja"]
[Date "2024.03.14"]
[Round "5.4"]
[White "Skok, Joze"]
[Black "Osolin, Bogdan"]
[Result "1/2-1/2"]
[WhiteElo "1927"]
[BlackElo "1916"]
[PlyCount "40"]
[EventDate "2024.01.18"]
[WhiteTeam "SD DOMZALE"]
[BlackTeam "SD CRNI GRABEN"]

1. e4 e5 2. Nf3 Nc6 3. Bb5 a6 4. Ba4 g6 5. O-O Bg7 6. c3 Nge7 7. Re1 b5 8. Bb3
O-O 9. d4 d6 10. h3 h6 11. Be3 Kh7 12. Nbd2 exd4 13. cxd4 d5 14. e5 Nf5 15. Nf1
Na5 16. Bc2 Nc4 17. b3 Nb6 18. Qd2 Be6 19. Rad1 Re8 20. Kh2 a5 1/2-1/2

[Event "76. LJUBLJANSKA SAHOVSKA LIGA 2024"]
[Site "gostovanja"]
[Date "2024.03.14"]
[Round "5.4"]
[White "Majcen, Zoran"]
[Black "Timagina, Sofia"]
[Result "1-0"]
[WhiteElo "1797"]
[BlackElo "1660"]
[PlyCount "111"]
[EventDate "2024.01.18"]
[WhiteTeam "SD CRNI GRABEN"]
[BlackTeam "SD DOMZALE"]

1. e4 e5 2. d4 exd4 3. Qxd4 Nc6 4. Qe3 Nf6 5. Bd2 Be7 6. Nc3 O-O 7. O-O-O Re8
8. f3 d5 9. Nxd5 Nxd5 10. exd5 Qxd5 11. Qb3 Qxb3 12. axb3 Bf5 13. Bb5 Rad8 14.
Ne2 a6 15. Bxc6 bxc6 16. Ng3 Be6 17. Ne4 Rd7 18. Bf4 Red8 19. Rxd7 Rxd7 20. Rd1
Bd8 21. Rxd7 Bxd7 22. Nc5 Bc8 23. b4 Kf8 24. Kd2 Ke8 25. Be5 f6 26. Bg3 g5 27.
h4 h6 28. hxg5 hxg5 29. Bh2 f5 30. Be5 Kf7 31. g3 g4 32. f4 Kg6 33. c4 Bf6 34.
Bxf6 Kxf6 35. Kc3 Ke7 36. Kb3 Kd6 37. Ka4 Ke7 38. b3 Kd6 39. Ka5 Ke7 40. Nxa6
Kd6 41. Nc5 Ke7 42. Ka4 Kd6 43. Ka3 Ke7 44. Kb2 Kd6 45. Kc3 Ke7 46. Kd3 Kf7 47.
Kd4 Kf6 48. Nd3 Ke6 49. Kc5 Bb7 50. Ne5 Ke7 51. Nxc6+ Kd7 52. b5 Ba8 53. b4 Bb7
54. Ne5+ Ke6 55. b6 cxb6+ 56. Kxb6 1-0

[Event "76. LJUBLJANSKA SAHOVSKA LIGA 2024"]
[Site "gostovanja"]
[Date "2024.03.14"]
[Round "5.4"]
[White "Skube, Zan"]
[Black "Erazem, Franc"]
[Result "1-0"]
[WhiteElo "1000"]
[BlackElo "1479"]
[PlyCount "47"]
[EventDate "2024.01.18"]
[WhiteTeam "SD DOMZALE"]
[BlackTeam "SD CRNI GRABEN"]

1. e4 c5 2. c3 Nc6 3. d4 cxd4 4. cxd4 d6 5. Nc3 a6 6. Nf3 Bg4 7. Bc4 e6 8. d5
Na5 9. dxe6 fxe6 10. Be2 b5 11. O-O Be7 12. Nd4 Bxe2 13. Qxe2 Qd7 14. Qg4 e5
15. Qxg7 Bf6 16. Qxd7+ Kxd7 17. Nf5 Ne7 18. Nxe7 Kxe7 19. Nd5+ Kf7 20. f4 Kg7
21. Nxf6 Kxf6 22. fxe5+ Kxe5 23. Bd2 Rhg8 24. Bxa5 1-0

[Event "76. LJUBLJANSKA SAHOVSKA LIGA 2024"]
[Site "gostovanja"]
[Date "2024.03.14"]
[Round "5.5"]
[White "Porenta, Matija"]
[Black "Jukan, Nesib"]
[Result "1/2-1/2"]
[WhiteElo "1775"]
[BlackElo "1943"]
[PlyCount "81"]
[EventDate "2024.01.18"]
[WhiteTeam "SK MEDVODE"]
[BlackTeam "SK TRZIN"]

1. e4 d5 2. exd5 Nf6 3. Nc3 Nxd5 4. Nxd5 Qxd5 5. d4 Nc6 6. c3 e5 7. dxe5 Qxd1+
8. Kxd1 Nxe5 9. Be2 Bf5 10. Be3 O-O-O+ 11. Ke1 Bd3 12. Rd1 Bxe2 13. Rxd8+ Kxd8
14. Kxe2 Nc4 15. b3 Nxe3 16. Kxe3 Bc5+ 17. Kf3 Re8 18. Ne2 Re6 19. Rd1+ Kc8 20.
Nd4 Rh6 21. h3 Rf6+ 22. Ke2 c6 23. f3 Rg6 24. Kf1 Rd6 25. Ke2 Bxd4 26. cxd4 Kd7
27. Rd2 Re6+ 28. Kd3 Kd6 29. h4 f5 30. g4 f4 31. Re2 Rxe2 32. Kxe2 a5 33. Kd3
b5 34. a3 b4 35. a4 Ke6 36. Ke2 h6 37. Kd2 g6 38. Ke2 g5 39. h5 Kd6 40. Kd2 Ke6
41. Ke2 1/2-1/2

[Event "76. LJUBLJANSKA SAHOVSKA LIGA 2024"]
[Site "gostovanja"]
[Date "2024.03.14"]
[Round "5.5"]
[White "Lanjscek, Miha"]
[Black "Jese, Janez"]
[Result "1-0"]
[WhiteElo "1745"]
[BlackElo "1710"]
[PlyCount "131"]
[EventDate "2024.01.18"]
[WhiteTeam "SK TRZIN"]
[BlackTeam "SK MEDVODE"]

1. d4 e5 2. dxe5 d6 3. Nf3 Bg4 4. e3 Nc6 5. Bb5 Qd7 6. h3 Bh5 7. O-O O-O-O 8.
c3 a6 9. Be2 Bxf3 10. Bxf3 Nxe5 11. Be2 f5 12. b4 g5 13. f4 Nf7 14. a4 Nf6 15.
Qd4 Bg7 16. Qa7 Qc6 17. Bf3 Ne4 18. b5 Qb6 19. Qxb6 cxb6 20. Bxe4 fxe4 21. fxg5
Nxg5 22. Rf5 h6 23. Bb2 Rhg8 24. Kf2 Ne6 25. Ba3 Nc5 26. Bxc5 bxc5 27. Ra2 axb5
28. axb5 Kc7 29. c4 Rgf8 30. Rxf8 Rxf8+ 31. Ke2 Kb6 32. Nd2 Re8 33. Ra3 Re5 34.
Ra8 Re7 35. Rd8 Kc7 36. Rg8 Bc3 37. Nf1 d5 38. cxd5 Kd6 39. Rg6+ Kxd5 40. Rxh6
Kc4 41. b6 Ba5 42. g4 Kb5 43. Ng3 Bxb6 44. Nf5 Re5 45. Nd6+ Kb4 46. Nf7 Re7 47.
Rxb6+ Ka5 48. Rf6 c4 49. g5 c3 50. g6 Rd7 51. g7 Rd2+ 52. Ke1 Rg2 53. Rf2 Rxf2
54. Kxf2 c2 55. g8=Q c1=Q 56. Qd8+ Ka6 57. Qd4 Qc2+ 58. Kg3 Qb1 59. Nd6 Qe1+
60. Kg4 Qe2+ 61. Kf4 Qf3+ 62. Ke5 Qxh3 63. Qa4+ Kb6 64. Qb4+ Kc7 65. Qxb7+ Kd8
66. Qb8+ 1-0

[Event "76. LJUBLJANSKA SAHOVSKA LIGA 2024"]
[Site "gostovanja"]
[Date "2024.03.14"]
[Round "5.5"]
[White "Cedilnik, Branko"]
[Black "Konvalinka, Kostja"]
[Result "1-0"]
[WhiteElo "1483"]
[BlackElo "1682"]
[PlyCount "87"]
[EventDate "2024.01.18"]
[WhiteTeam "SK MEDVODE"]
[BlackTeam "SK TRZIN"]

1. d4 Nf6 2. c4 e6 3. Bg5 d5 4. cxd5 exd5 5. Nf3 Be7 6. e3 O-O 7. Bd3 Nbd7 8.
Nc3 Re8 9. Qc2 c6 10. Ne5 h6 11. Bh4 Nf8 12. O-O-O a5 13. f3 Nh5 14. Bxe7 Qxe7
15. g4 Nf6 16. h4 N6h7 17. g5 h5 18. g6 fxg6 19. Nxg6 Qxe3+ 20. Kb1 Qh6 21.
Nxf8 Nxf8 22. Rhg1 Re7 23. Rg5 b5 24. Rdg1 Raa7 25. Ne2 Rf7 26. Ng3 Rxf3 27.
Nxh5 Rff7 28. Qd2 Kh8 29. Qd1 Rae7 30. Nxg7 Rxg7 31. Rh5 Rxg1 32. Rxh6+ Kg7 33.
Qxg1+ Kf7 34. Bg6+ Kf6 35. Be8+ Kf5 36. Qg5+ Ke4 37. Qxe7+ Kxd4 38. Qxf8 c5 39.
Qf4+ Kd3 40. Rg6 d4 41. Rg3+ Kc4 42. Qf7+ Be6 43. Qxe6+ Kb4 44. Qb3# 1-0

[Event "76. LJUBLJANSKA SAHOVSKA LIGA 2024"]
[Site "gostovanja"]
[Date "2024.03.14"]
[Round "5.5"]
[White "Banko, Franci"]
[Black "Sajovic, Marko"]
[Result "0-1"]
[WhiteElo "1396"]
[BlackElo "1000"]
[PlyCount "84"]
[EventDate "2024.01.18"]
[WhiteTeam "SK TRZIN"]
[BlackTeam "SK MEDVODE"]

1. e4 d5 2. exd5 Qxd5 3. Nc3 Qa5 4. Nf3 c6 5. Be2 Nf6 6. O-O Bf5 7. Re1 h6 8.
Bc4 e6 9. d4 Be7 10. Bd2 Qc7 11. Ne5 O-O 12. g4 Bh7 13. g5 hxg5 14. Bxg5 Nd5
15. Bxe7 Qxe7 16. Qf3 Bxc2 17. Bd3 Bxd3 18. Qxd3 Nd7 19. Nxd5 cxd5 20. Nf3 a6
21. h4 Nf6 22. Ng5 g6 23. f3 Rac8 24. Re2 Rc6 25. Kf2 Qd6 26. Rh1 Nh5 27. Re5
Rfc8 28. Rhe1 Rc2+ 29. R1e2 Nf4 30. Qxc2 Rxc2 31. Rxc2 Nd3+ 32. Kg3 Nxe5 33.
dxe5 Qxe5+ 34. Kg2 Qf4 35. Rc8+ Kg7 36. Kh3 d4 37. Rd8 d3 38. Rd7 Kf8 39. Rxb7
d2 40. Rd7 Ke8 41. Rxf7 Qxf7 42. Nxf7 Kxf7 0-1

[Event "76. LJUBLJANSKA SAHOVSKA LIGA 2024"]
[Site "gostovanja"]
[Date "2024.03.14"]
[Round "5.6"]
[White "Krupenko, Peter"]
[Black "Lesjak, Damjan"]
[Result "1-0"]
[WhiteElo "1974"]
[BlackElo "1792"]
[PlyCount "87"]
[EventDate "2024.01.18"]
[WhiteTeam "SK TRZIN BUSCOTRADE"]
[BlackTeam "SK VISNJA GORA - STICNA"]

1. c4 e6 2. Nf3 d5 3. e3 c5 4. d4 Nf6 5. Nc3 Nc6 6. Be2 Be7 7. O-O O-O 8. a3 b6
9. Ne5 Bb7 10. Nxc6 Bxc6 11. dxc5 bxc5 12. Bf3 Rc8 13. Qe2 Qb6 14. a4 a6 15. a5
Qb7 16. Na4 dxc4 17. Bxc6 Rxc6 18. e4 Rd8 19. f3 Rd3 20. Nb6 Rb3 21. Qxc4 Rb4
22. Qe2 c4 23. Rd1 h6 24. Be3 Rb3 25. Bd4 Bc5 26. Bxc5 Rxc5 27. Kh1 Qc6 28. Qc2
Qb5 29. Rd8+ Ne8 30. Nd7 Rxb2 31. Rxe8+ Kh7 32. Nf8+ Kg8 33. Nxe6+ Kh7 34. Qd1
Rc7 35. Nf8+ Kg8 36. Ne6+ Qxe8 37. Nxc7 Qc6 38. Nd5 Qc5 39. Qg1 Qb5 40. h3 Qb3
41. Qc5 Qc2 42. Rg1 Qb3 43. Qc8+ Kh7 44. Ne7 1-0

[Event "76. LJUBLJANSKA SAHOVSKA LIGA 2024"]
[Site "gostovanja"]
[Date "2024.03.14"]
[Round "5.6"]
[White "Jancigaj, Saso Valentin"]
[Black "Krumpak, Hinko"]
[Result "1/2-1/2"]
[WhiteElo "1613"]
[BlackElo "2017"]
[PlyCount "83"]
[EventDate "2024.01.18"]
[WhiteTeam "SK VISNJA GORA - STICNA"]
[BlackTeam "SK TRZIN BUSCOTRADE"]

1. f4 Nf6 2. Nf3 c5 3. e3 g6 4. d4 Bg7 5. c3 b6 6. Bd3 Ba6 7. Qc2 Bxd3 8. Qxd3
Qc8 9. Nbd2 Qa6 10. Qxa6 Nxa6 11. O-O d5 12. Ne5 O-O 13. g4 Nb8 14. g5 Nfd7 15.
Nxd7 Nxd7 16. Nf3 e6 17. Bd2 b5 18. h4 cxd4 19. cxd4 Rfc8 20. Rfc1 Bf8 21. Kf2
Bd6 22. Ke2 Nb6 23. b3 Ba3 24. Rxc8+ Rxc8 25. Kd1 Kf8 26. Bc1 Bd6 27. Bd2 Rc7
28. Rc1 Rxc1+ 29. Kxc1 Nd7 30. Kc2 Kg7 31. Ba5 h6 32. Bd8 hxg5 33. hxg5 Kf8 34.
Bf6 Nxf6 35. gxf6 a6 36. Kd3 Bc7 37. Ne5 Ke8 38. Ng4 Ba5 39. Ke2 Bb4 40. Ne5 a5
41. Kd1 Kf8 42. Ng4 1/2-1/2

[Event "76. LJUBLJANSKA SAHOVSKA LIGA 2024"]
[Site "gostovanja"]
[Date "2024.03.14"]
[Round "5.6"]
[White "Borisek, Anze"]
[Black "Kamensek, Ivan"]
[Result "1-0"]
[WhiteElo "1890"]
[BlackElo "1631"]
[PlyCount "45"]
[EventDate "2024.01.18"]
[WhiteTeam "SK TRZIN BUSCOTRADE"]
[BlackTeam "SK VISNJA GORA - STICNA"]

1. f4 d5 2. Nf3 Nf6 3. e3 Bg4 4. b3 e6 5. Bb2 Be7 6. Be2 O-O 7. O-O c5 8. Ne5
Bxe2 9. Qxe2 Nbd7 10. Rf3 Re8 11. Rh3 Nf8 12. g4 Ne4 13. d3 Nd6 14. g5 f6 15.
gxf6 Bxf6 16. Nd2 Qe7 17. Kh1 Rad8 18. Rg1 Nf5 19. Qh5 d4 20. exd4 cxd4 21. Ne4
Bxe5 22. fxe5 Qf7 23. Nf6+ 1-0

[Event "76. LJUBLJANSKA SAHOVSKA LIGA 2024"]
[Site "gostovanja"]
[Date "2024.03.14"]
[Round "5.6"]
[White "Pisek, Igor"]
[Black "Borstnik, Ales"]
[Result "0-1"]
[WhiteElo "1000"]
[BlackElo "1759"]
[PlyCount "74"]
[EventDate "2024.01.18"]
[WhiteTeam "SK VISNJA GORA - STICNA"]
[BlackTeam "SK TRZIN BUSCOTRADE"]

1. e4 c5 2. Nf3 d6 3. Bc4 Nf6 4. Qe2 Nbd7 5. O-O e6 6. c3 Be7 7. d4 cxd4 8.
cxd4 O-O 9. Nc3 a6 10. Bg5 b5 11. Bd3 Bb7 12. a3 Rc8 13. Rac1 h6 14. Bh4 Nh5
15. Bxe7 Qxe7 16. Qe3 e5 17. Rfe1 Nf4 18. Bb1 Qf6 19. Ne2 Nxe2+ 20. Qxe2 Rxc1
21. Rxc1 exd4 22. Rc7 Nc5 23. e5 Bxf3 24. Qxf3 Qxe5 25. Kf1 Qxh2 26. g3 Qh3+
27. Kg1 Qe6 28. Kg2 Kh8 29. Ra7 d5 30. b4 Ne4 31. Qd3 Qe5 32. Rxa6 Rc8 33. Qxb5
Rc3 34. Ra8+ Kh7 35. Re8 Rxg3+ 36. Kf1 Qf4 37. Rc8 Qxf2# 0-1